000 00964nam a2200241 a 4500
001 14374226
008 140923s2007 ||||||||||||||||| || u
010 _a2006015865
020 _a1845424328 (hbk.)
020 _a9781845424329 (hbk.)
050 _a658.4 Bil
100 _aPiderit, Sandy Kristin
245 1 0 _aHandbook on women in business and management
_cedited by Diana Bilimoria and Sandy Kristin Piderit.
260 _aCheltenham, UK
_bEdward Elgar
_c2007
300 _axviii, 375 p. : ill.
490 _aElgar original reference
500 _aIncludes bibliographical references and index.
650 0 _aWOMEN EXECUTIVES--HANDBOOKS, MANUALS, etc
650 0 _aBUSINESSWOMEN--HANDBOOKS, MANUALS, ETC
700 _aBilimoria, Diana
856 _uhttp://www.loc.gov/catdir/toc/ecip0613/2006015865.html
995 _aAMERICAN CORNER
_e0106548
_FCBU-DAG HAMMARSKJOLD INSTITUTE LIBRARY
_j658.4 Bil
_M1
_UAVAILABLE
_WSep 23, 2014
_y0106548
_ZAmerican Collection
999 _c279
_d279